<?xml version="1.0" encoding="UTF-8"?>
<record
    xmlns:xsi="http://www.w3.org/2001/XMLSchema-instance"
    xsi:schemaLocation="http://www.loc.gov/MARC21/slim http://www.loc.gov/standards/marcxml/schema/MARC21slim.xsd"
    xmlns="http://www.loc.gov/MARC21/slim">

  <leader>03654nam a2200577Ia 4500</leader>
  <controlfield tag="001">290</controlfield>
  <controlfield tag="008">241029s9999    xx            000 0 und d</controlfield>
  <datafield tag="010" ind1=" " ind2=" ">
    <subfield code="a">258</subfield>
  </datafield>
  <datafield tag="041" ind1=" " ind2=" ">
    <subfield code="a">Espa&#xF1;ol</subfield>
  </datafield>
  <datafield tag="082" ind1=" " ind2=" ">
    <subfield code="a">MA-LAEE001FH2013</subfield>
  </datafield>
  <datafield tag="245" ind1=" " ind2="0">
    <subfield code="a">Uso de la literatura escrita como estrategia docente en el Segundo Ciclo de la Ense&#xF1;anza B&#xE1;sica, Estudio del caso del 8vo. grado de la Zona Urbana del Distrito 12-01 de Hig&#xFC;ey</subfield>
  </datafield>
  <datafield tag="260" ind1=" " ind2=" ">
    <subfield code="a">Distrito Nacional</subfield>
  </datafield>
  <datafield tag="300" ind1=" " ind2=" ">
    <subfield code="a">127</subfield>
  </datafield>
  <datafield tag="520" ind1=" " ind2=" ">
    <subfield code="a">30</subfield>
  </datafield>
  <datafield tag="630" ind1=" " ind2=" ">
    <subfield code="a">Aprendizaje</subfield>
  </datafield>
  <datafield tag="630" ind1=" " ind2=" ">
    <subfield code="a">Ense&#xF1;anza</subfield>
  </datafield>
  <datafield tag="630" ind1=" " ind2=" ">
    <subfield code="a">Estrategia</subfield>
  </datafield>
  <datafield tag="630" ind1=" " ind2=" ">
    <subfield code="a">Estudiantes</subfield>
  </datafield>
  <datafield tag="630" ind1=" " ind2=" ">
    <subfield code="a">Proceso de Ense&#xF1;anza-Aprendizaje</subfield>
  </datafield>
  <datafield tag="650" ind1=" " ind2=" ">
    <subfield code="a">Lengua Espa&#xF1;ola</subfield>
  </datafield>
  <datafield tag="690" ind1=" " ind2=" ">
    <subfield code="a">Elaborado</subfield>
  </datafield>
  <datafield tag="700" ind1=" " ind2=" ">
    <subfield code="e">asesor</subfield>
    <subfield code="a">N&#xFA;&#xF1;ez Fidalgo, Mar&#xED;a Virtudez </subfield>
  </datafield>
  <datafield tag="700" ind1=" " ind2=" ">
    <subfield code="e">autor</subfield>
    <subfield code="a">Fr&#xED;as Rivera , Leonel</subfield>
  </datafield>
  <datafield tag="700" ind1=" " ind2=" ">
    <subfield code="e">autor</subfield>
    <subfield code="a">Campusano Corpor&#xE1;n , Ram&#xF3;n A</subfield>
  </datafield>
  <datafield tag="901" ind1=" " ind2=" ">
    <subfield code="a">{"1":"Fr&#xED;as Rivera ","2":"Campusano Corpor&#xE1;n "}</subfield>
    <subfield code="b">{"1":"Leonel","2":"Ram&#xF3;n A"}</subfield>
  </datafield>
  <datafield tag="902" ind1=" " ind2=" ">
    <subfield code="a">1</subfield>
  </datafield>
  <datafield tag="903" ind1=" " ind2=" ">
    <subfield code="a">{"1":"N&#xFA;&#xF1;ez Fidalgo"}</subfield>
    <subfield code="b">{"1":"Mar&#xED;a Virtudez "}</subfield>
  </datafield>
  <datafield tag="904" ind1=" " ind2=" ">
    <subfield code="a">Maestr&#xED;a en</subfield>
  </datafield>
  <datafield tag="905" ind1=" " ind2=" ">
    <subfield code="a">Ling&#xFC;&#xED;stica</subfield>
  </datafield>
  <datafield tag="906" ind1=" " ind2=" ">
    <subfield code="a">1</subfield>
  </datafield>
  <datafield tag="907" ind1=" " ind2=" ">
    <subfield code="a">Orientada en</subfield>
  </datafield>
  <datafield tag="908" ind1=" " ind2=" ">
    <subfield code="a">Ense&#xF1;anza de la Lengua Espa&#xF1;ola</subfield>
  </datafield>
  <datafield tag="909" ind1=" " ind2=" ">
    <subfield code="a">Universidad Aut&#xF3;noma de Santo Domingo (UASD)</subfield>
  </datafield>
  <datafield tag="910" ind1=" " ind2=" ">
    <subfield code="a">NULL</subfield>
    <subfield code="b">NULL</subfield>
  </datafield>
  <datafield tag="911" ind1=" " ind2=" ">
    <subfield code="a">["1"]</subfield>
  </datafield>
  <datafield tag="912" ind1=" " ind2=" ">
    <subfield code="a">NO APLICA</subfield>
  </datafield>
  <datafield tag="913" ind1=" " ind2=" ">
    <subfield code="a">NULL</subfield>
  </datafield>
  <datafield tag="914" ind1=" " ind2=" ">
    <subfield code="a">01 de Abril de 2013</subfield>
  </datafield>
  <datafield tag="915" ind1=" " ind2=" ">
    <subfield code="a">17/09/14 11:09</subfield>
  </datafield>
  <datafield tag="916" ind1=" " ind2=" ">
    <subfield code="a">NULL</subfield>
  </datafield>
  <datafield tag="917" ind1=" " ind2=" ">
    <subfield code="a">NULL</subfield>
  </datafield>
  <datafield tag="918" ind1=" " ind2=" ">
    <subfield code="a">NO APLICA</subfield>
  </datafield>
  <datafield tag="919" ind1=" " ind2=" ">
    <subfield code="a">["18","202","92","96","163"]</subfield>
  </datafield>
  <datafield tag="520" ind1=" " ind2=" ">
    <subfield code="a">El objetivo principal fue evaluar como los docentes asumen el&#xA0;Enfoque Textual Funcional y Comunicativo&#xA0;de la&#xA0;Lengua a trav&#xE9;s de la literatura para promover las destrezas del pensamiento en los estudiantes de 8vo grado del Segundo Ciclo de B&#xE1;sica, del Distrito 10-02 en las escuelas p&#xFA;blicas de la ciudad de Hig&#xFC;ey.Este estudio es de tipo descriptivo, las t&#xE9;cnicas que se emplearon fueron la observaci&#xF3;n directa, cuestionario, revisi&#xF3;n de fuentes bibliogr&#xE1;ficas. La poblaci&#xF3;n de este estudio estuvo constituida por la totalidad de los 8vos del Segundo Ciclo de B&#xE1;sica, del Distrito 10-02 en las escuelas p&#xFA;blicas de la ciudad de Hig&#xFC;ey con sus respectivos maestros y maestras. Para muestra se tomo 46 alumnos de 8vo grado y 20 maestros y maestras.El estudio concluye que la practica pedag&#xF3;gicas de los docentes alcanz&#xF3; la valoraci&#xF3;n de regular, &#xA0;los docentes no aprovechan el Enfoque Funcional y Comunicativo, &#xA0;los docentes que laboran en este centro muy pocos han estudiado Licenciatura en la Ciencia de la Educaci&#xF3;n B&#xE1;sica o la de filosof&#xED;a y letra, la baja formaci&#xF3;n docente en el plano ling&#xFC;&#xED;stico-metodol&#xF3;gico genera un distanciamiento en el uso del Enfoque Funcional y Comunicativo &#xA0;y en su lugar la mayor&#xED;a de los docentes se aferran, de manera inconciente, a la pr&#xE1;ctica pedag&#xF3;gica tradicional por lo que no logran desarrollar las competencias cognitivas esperadas en los alumnos. Un 55%de los docentes detestan &#xA0;trabajar con g&#xE9;neros literarios y 32% le gusta emplearlo, las obras sugeridas en su mayor&#xED;a eran inapropiadas lo que indica claramente la poca cultura lectora de los docentes,&#xA1;.&#xA0;El estudio recomienda que los docentes en el &#xE1;rea de Lengua Espa&#xF1;ola de este grado &#xA0;deber&#xED;an &#xA0;ser Licenciado en Filosof&#xED;a y Letra en letras puras o en Educaci&#xF3;n B&#xE1;sica; que se haga talleres con los docentes para dar a conocer &#xA0;las estrategias que deben emplearse en la ense&#xF1;anza de la Lengua Espa&#xF1;ola y como desarrollarla a partir de textos literarios.</subfield>
  </datafield>
  <datafield tag="921" ind1=" " ind2=" ">
    <subfield code="a">16</subfield>
  </datafield>
  <datafield tag="922" ind1=" " ind2=" ">
    <subfield code="a">16</subfield>
  </datafield>
  <datafield tag="923" ind1=" " ind2=" ">
    <subfield code="a">0</subfield>
  </datafield>
  <datafield tag="924" ind1=" " ind2=" ">
    <subfield code="a">NO APLICA</subfield>
  </datafield>
  <datafield tag="942" ind1=" " ind2=" ">
    <subfield code="c">Tesis</subfield>
  </datafield>
  <datafield tag="999" ind1=" " ind2=" ">
    <subfield code="c">258</subfield>
    <subfield code="d">258</subfield>
  </datafield>
</record>
